| 000 | 00000nam##2200000za#4500 |
| 001 | 9.686045 |
| 003 | CaOODSP |
| 005 | 20210624230347 |
| 007 | cr ||||||||||| |
| 008 | 150407|2000||||xxc|||||o f|0| 0 eng|d |
| 020 | |a0-662-30183-8 |
| 040 | |aCaOODSP|beng |
| 043 | |an-cn--- |
| 086 | 1 |aE2-252/2000E-IN |
| 110 | 1 |aCanada.|bForeign Affairs and International Trade. |bCanadian Centre for Foreign Policy Development. |
| 245 | 10|aCanada, Indigenous Peoples and the Hemisphere, March 22-23, 2000 (Winnipeg) : |h[electronic resource]|breport from the roundtable |
| 260 | |aOttawa - Ontario : |bForeign Affairs and International Trade. |c[2000]. |
| 300 | |a12p. |
| 590 | |a10-06-Supp|b2010-07-26 |
| 690 | 07|aIndigenous peoples|2gcpds |
| 690 | 07|aForeign policy|2gcpds |
| 776 | 0#|tReport from the roundtable: Canada, Indigenous Peoples and the Hemisphere / |w(CaOODSP)9.648110 |
| 856 | 40|ahttp://publications.gc.ca|qPDF|s333 KB|uhttps://publications.gc.ca/collections/Collection/E2-252-2000E.pdf |
| 986 | |a8002.2E |